100k+ Cities in Belgium & Netherlands - Statistics

General Stats
  • This quiz has been taken 186 times
  • The average score is 20 of 27
Answer Stats
Country Population Answer % Correct
Netherlands 741,636 Amsterdam
100%
Belgium 1,211,035 Brussels
100%
Belgium 459,805 Antwerp
99%
Netherlands 598,199 Rotterdam
99%
Netherlands 474,292 The Hague
97%
Belgium 231,493 Ghent
95%
Netherlands 290,529 Utrecht
93%
Belgium 182,597 Liege
90%
Netherlands 181,194 Groningen
89%
Netherlands 209,620 Eindhoven
85%
Belgium 116,709 Bruges
82%
Belgium 200,132 Charleroi
82%
Netherlands 122,378 Maastricht
80%
Netherlands 158,732 Nijmegen
72%
Netherlands 199,613 Tilburg
72%
Netherlands 167,673 Breda
70%
Netherlands 147,590 Haarlem
64%
Netherlands 141,674 Arnhem
63%
Netherlands 153,655 Enschede
61%
Netherlands 176,432 Almere
57%
Netherlands 136,670 Apeldoorn
55%
Belgium 106,284 Namur
55%
Netherlands 111,805 Zwolle
55%
Netherlands 134,520 s'Hertogenbosch
51%
Netherlands 139,914 Amersfoort
49%
Netherlands 140,085 Zaanstad
24%
Netherlands 132,734 Hoofddorp
17%
No matching quizzes found
Score Distribution
Percent of People with Each Score
Percentile by Number Answered
Your Score History
You have not taken this quiz